000 00916nam a22002651 4500
001 6842
003 BD-RjUL
005 20211208234325.0
008 140112m19651946njua 000 0 eng c
035 _a(BD-RjUL)6884
040 _aPrinceton Univ. Libr./ICU
_cICU
_beng
_dBD-RjUL
041 _aeng
051 _aQA1
_b.A626 no. 14
_cCopy 2.
082 0 0 _a515.35
_bLEL 1965
_223
100 1 _aLefschetz, Solomon
_d1884-1972.
_920492
245 1 0 _aLectures on differential equations /
_cSolomon Lefschetz.
260 _aPrinceton ;
_bPrinceton university press :
_aLondon :
_bH. Milford, Oxford university press,
_cc1946 [1965].
300 _a2 p.l., [vii]-viii, 209 (i.e. 212) p.
_bdiagrs.
_c23 cm.
490 1 _aAnnals of mathematics studies.
_v14
650 0 _aDifferential equations.
_921491
830 0 _v14.
_9152790
830 0 _aAnnals of mathematics studies ;
_9152791
942 _2ddc
_cBK
999 _c6842
_d6842